[Event "SVK-chT2D 2122"]
[Site "Slovakia"]
[Date "2022.03.05"]
[Round "6.5"]
[White "Krajnik, Richard"]
[Black "Mazak, Vladimir1111"]
[Result "1-0"]
[WhiteElo "1680"]
[BlackElo "1435"]
[PlyCount "97"]
[EventDate "2021.10.16"]
[EventType "team-tourn"]
[EventRounds "11"]
[EventCountry "SVK"]
[SourceTitle "EXT 2023"]
[Source "ChessBase"]
[SourceDate "2022.10.05"]
[SourceVersion "1"]
[SourceVersionDate "2022.10.05"]
[SourceQuality "1"]
[WhiteTeam "Kosice Slavia TU IV"]
[BlackTeam "Kosice Slavia UPJS III"]
[WhiteTeamCountry "SVK"]
[BlackTeamCountry "SVK"]

1. e4 e5 2. Nf3 Nf6 3. Nc3 Bc5 4. Bc4 d6 5. d4 exd4 6. Nxd4 Bg4 7. f3 Bh5 8. Be3 Nbd7 9. Qe2 Bb4 10. Bd2 c6 11. Nf5 0-0 12. a3 Bxc3 13. Bxc3 d5 14. Bb3 Nxe4 15. Bxg7 Re8 16. 0-0-0 Qg5+ 17. Qe3 Qxe3+ 18. Nxe3 Nf2 19. Bh6 Nxh1 20. Rxh1 Re6 21. Bf4 Rae8 22. g4 Bg6 23. Kd2 Ne5 24. Rf1 b5 25. h4 h5 26. Kc3 Rf6 27. Bxe5 Rxe5 28. Kd4 Rfe6 29. Ng2 hxg4 30. Nf4 Re7 31. fxg4 Re1 32. Rf2 Rg1 33. h5 Rxg4 34. hxg6 Re4+ 35. Kc5 Rexf4 36. gxf7+ Kxf7 37. Rxf4+ Rxf4 38. Kxc6 Rf6+ 39. Kxd5 Ke7 40. Kc5 a6 41. a4 bxa4 42. Bxa4 Rf5+ 43. Kb6 a5 44. c4 Kd6 45. Bb5 Rf2 46. b3 Rb2 47. Ba4 Rc2 48. Kxa5 Kc5 49. b4+ 1-0

[Event "SVK-chT2D 1920"]
[Site "Slovakia"]
[Date "2019.10.26"]
[Round "1.8"]
[White "Krajnik, Richard"]
[Black "Miga, Lubos"]
[Result "1/2-1/2"]
[WhiteElo "1740"]
[BlackElo "1760"]
[PlyCount "118"]
[EventDate "2019.10.26"]
[EventType "team-tourn"]
[EventRounds "11"]
[EventCountry "SVK"]
[SourceTitle "CBM 193 Extra"]
[Source "ChessBase"]
[SourceDate "2020.01.31"]
[SourceVersion "1"]
[SourceVersionDate "2020.01.31"]
[SourceQuality "1"]
[WhiteTeam "Kosice Slavia UPJS III"]
[BlackTeam "Kezmarok"]
[WhiteTeamCountry "SVK"]
[BlackTeamCountry "SVK"]

1. e4 e5 2. Nf3 Nc6 3. Bb5 a6 4. Ba4 Nf6 5. d3 d6 6. Nc3 b5 7. Bb3 Be6 8. Bg5 Bxb3 9. axb3 Be7 10. 0-0 h6 11. Bh4 0-0 12. Ne2 Nh5 13. Bg3 f5 14. exf5 Rxf5 15. Nc3 Nxg3 16. hxg3 Nd4 17. Nd5 Nxf3+ 18. gxf3 c6 19. Ne3 Rf7 20. Kg2 Bg5 21. Ng4 a5 22. Qe2 Rfa7 23. Qe4 Qe8 24. Rh1 a4 25. Qb4 Qe6 26. bxa4 Rxa4 27. Rxa4 Rxa4 28. Qc3 Qd5 29. b3 Rxg4 30. Qa5 Rd4 31. Ra1 Kh7 32. Qc7 c5 33. Ra7 Bf6 34. Qd7 b4 35. Qf5+ Kh8 36. Rc7 Qg8 37. Rc8 Qxc8 38. Qxc8+ Kh7 39. Kf1 Bg5 40. Ke2 Kg6 41. Qe8+ Kh7 42. Qf7 Kh8 43. Qf5 Kg8 44. Qd7 Kh7 45. Qe8 Bc1 46. Ke1 Bg5 47. Kd1 Bf6 48. Kc1 Bg5+ 49. Kb2 Bd2 50. Qh5 Bg5 51. Qh3 Kh8 52. Qf1 Kg8 53. Qe2 Kh8 54. c3 bxc3+ 55. Kxc3 Kg8 56. Qa2 Kh8 57. Qa7 Kg8 58. Qd7 Kh8 59. Qe6 Kh7 1/2-1/2

[Event "SVK-chT2D 1819"]
[Site "Slovakia"]
[Date "2019.04.07"]
[Round "11.8"]
[White "Fenda, Zdenek"]
[Black "Krajnik, Richard"]
[Result "1-0"]
[WhiteElo "1929"]
[BlackElo "1679"]
[PlyCount "97"]
[EventDate "2018.10.13"]
[EventType "team-tourn"]
[EventRounds "11"]
[EventCountry "SVK"]
[SourceTitle "EXT 2020"]
[Source "ChessBase"]
[SourceDate "2019.10.17"]
[SourceVersion "1"]
[SourceVersionDate "2019.10.17"]
[SourceQuality "1"]
[WhiteTeam "Margecany"]
[BlackTeam "Kosice Slavia UPJS III"]
[WhiteTeamCountry "SVK"]
[BlackTeamCountry "SVK"]

1. f4 c5 2. e4 e6 3. Nf3 Nc6 4. c3 Nf6 5. d3 Qc7 6. g3 d6 7. Bg2 Be7 8. 0-0 0-0 9. Na3 a6 10. Nc2 Rb8 11. Qe2 b5 12. Bd2 Bb7 13. Ne3 c4 14. dxc4 Nxe4 15. cxb5 axb5 16. Be1 Qb6 17. a3 Na5 18. Kh1 Nb3 19. Rd1 d5 20. Nc2 Bc5 21. Ncd4 Nxd4 22. Nxd4 Ba8 23. Nb3 Be7 24. Nd2 Nf6 25. Bf2 Bc5 26. Bxc5 Qxc5 27. Rfe1 h5 28. h3 g6 29. Kh2 Qc7 30. Qe3 Ne8 31. Qe5 Qxe5 32. fxe5 Nc7 33. Nb3 Na6 34. Nd4 Nc5 35. Bf1 Ne4 36. Bxb5 f5 37. a4 f4 38. gxf4 Rxf4 39. Rf1 Rxf1 40. Rxf1 Rf8 41. Rxf8+ Kxf8 42. Nxe6+ Ke7 43. Nf4 g5 44. Nxh5 Ke6 45. Nf6 Kxe5 46. Nxe4 Kxe4 47. Kg3 d4 48. cxd4 Bd5 49. Bd7 1-0

[Event "SVK-chT2D 1718"]
[Site "Slovakia"]
[Date "2018.02.24"]
[Round "8.8"]
[White "Krajnik, Richard"]
[Black "Smizansky, Jozef"]
[Result "0-1"]
[WhiteElo "1684"]
[BlackElo "1874"]
[PlyCount "96"]
[EventDate "2017.10.28"]
[EventType "team-tourn"]
[EventRounds "11"]
[EventCountry "SVK"]
[SourceTitle "EXT 2019"]
[Source "ChessBase"]
[SourceDate "2018.10.10"]
[SourceVersion "1"]
[SourceVersionDate "2018.10.10"]
[SourceQuality "1"]
[WhiteTeam "Kosice Slavia UPJS III"]
[BlackTeam "Spisska Nova Ves"]
[WhiteTeamCountry "SVK"]
[BlackTeamCountry "SVK"]

1. e4 d5 2. Nc3 d4 3. Nce2 e5 4. Nf3 f6 5. Ng3 g6 6. Bc4 Nd7 7. c3 c5 8. Qb3 Nh6 9. d3 Qe7 10. 0-0 Nb6 11. Bb5+ Bd7 12. cxd4 cxd4 13. Bxh6 Bxh6 14. Bxd7+ Qxd7 15. a4 Qc6 16. a5 Nd7 17. Ne1 Rc8 18. Ne2 Nc5 19. Qc4 Ne6 20. Qxc6+ Rxc6 21. g3 Bd2 22. f4 Nc5 23. fxe5 fxe5 24. Nf3 Be3+ 25. Kg2 Nxd3 26. Ra3 Rc2 27. Rxd3 Rxe2+ 28. Kh3 0-0 29. Rb3 Rf7 30. Re1 Rxe1 31. Nxe1 Kg7 32. Nc2 Bd2 33. Rd3 Bxa5 34. b4 Bc7 35. b5 a5 36. bxa6 bxa6 37. Nb4 a5 38. Nd5 Bd6 39. Kg2 a4 40. Nb6 Ra7 41. Rd2 a3 42. Ra2 Rc7 43. Nd5 Rb7 44. Ra1 Rb2+ 45. Kf3 Rxh2 46. Nb6 a2 47. Nc4 Bb4 48. Nxe5 Bc3 0-1

[Event "SVK-chT2D 1718"]
[Site "Slovakia"]
[Date "2018.01.13"]
[Round "5.7"]
[White "Popovic, Martin"]
[Black "Krajnik, Richard"]
[Result "1-0"]
[WhiteElo "1851"]
[BlackElo "1684"]
[PlyCount "95"]
[EventDate "2017.10.28"]
[EventType "team-tourn"]
[EventRounds "11"]
[EventCountry "SVK"]
[SourceTitle "EXT 2019"]
[Source "ChessBase"]
[SourceDate "2018.10.10"]
[SourceVersion "1"]
[SourceVersionDate "2018.10.10"]
[SourceQuality "1"]
[WhiteTeam "Kosice Slavia TU IV"]
[BlackTeam "Kosice Slavia UPJS III"]
[WhiteTeamCountry "SVK"]
[BlackTeamCountry "SVK"]

1. e4 e6 2. d4 c5 3. Nf3 Qc7 4. Nc3 a6 5. Be3 cxd4 6. Nxd4 Nf6 7. Bd3 Bb4 8. Qd2 Nc6 9. f3 Ne5 10. 0-0 Nc4 11. Bxc4 Qxc4 12. Kh1 b5 13. Bg5 Bb7 14. Bxf6 gxf6 15. Rad1 0-0-0 16. Ra1 h5 17. a4 Bxc3 18. bxc3 bxa4 19. Rfb1 d5 20. Rb4 Qc7 21. Rab1 Ba8 22. Qd3 Rd6 23. Rxa4 Kd7 24. Rxa6 dxe4 25. Qb5+ Ke7 26. Qb4 exf3 27. Nb5 fxg2+ 28. Kg1 Rb8 29. Nxc7 Rxb4 30. cxb4 Be4 31. Rxd6 Kxd6 32. Nb5+ Kc6 33. Na3 f5 34. b5+ Kc5 35. b6 Bb7 36. c3 f6 37. Nc2 f4 38. Nd4 e5 39. Ne6+ Kc4 40. Nd8 Ba8 41. b7 Bxb7 42. Nxb7 Kxc3 43. Kxg2 e4 44. Rd1 h4 45. Nd6 Kc2 46. Rd5 e3 47. Kf3 h3 48. Nf5 1-0

[Event "SVK-chT2D 1617"]
[Site "Slovakia"]
[Date "2017.03.12"]
[Round "11.5"]
[White "Krajnik, Richard"]
[Black "Pcola, Jaroslav"]
[Result "1-0"]
[WhiteElo "1740"]
[BlackElo "1932"]
[PlyCount "84"]
[EventDate "2016.10.08"]
[EventType "team-tourn"]
[EventRounds "11"]
[EventCountry "SVK"]
[SourceTitle "EXT 2019"]
[Source "ChessBase"]
[SourceDate "2018.10.10"]
[SourceVersion "1"]
[SourceVersionDate "2018.10.10"]
[SourceQuality "1"]
[WhiteTeam "Kosice Slavia UPJS III"]
[BlackTeam "Humenne Reinter II"]
[WhiteTeamCountry "SVK"]
[BlackTeamCountry "SVK"]

1. e4 d5 2. Nc3 d4 3. Nce2 e5 4. Ng3 g6 5. Bc4 Qd6 6. d3 Be6 7. Bb3 Nc6 8. Bd2 0-0-0 9. Nf3 f5 10. Ng5 Bxb3 11. axb3 Qf6 12. exf5 gxf5 13. 0-0 Bh6 14. Qh5 Rf8 15. b4 Bxg5 16. Bxg5 Qg7 17. b5 Nb8 18. Rxa7 Nf6 19. Qh6 Qg6 20. f4 Ng4 21. Qxg6 hxg6 22. h3 Ne3 23. Rf2 exf4 24. Ne2 Nxc2 25. Nxf4 Nb4 26. Nxg6 Nxd3 27. Rd2 Nc5 28. Nxf8 Rxf8 29. Be7 Ne4 30. Rxd4 Re8 31. Bh4 Nd6 32. Rd5 Re4 33. Bf6 Re1+ 34. Kh2 Re2 35. h4 b6 36. Be5 Ne8 37. Bc3 Nd6 38. Be5 Ne8 39. h5 Nd7 40. Ra8+ Nb8 41. h6 Kb7 42. Rxb8+ Kxb8 1-0

[Event "SVK-chT2D 1516"]
[Site "Slovakia"]
[Date "2015.11.07"]
[Round "3.8"]
[White "Zuscin, Martin"]
[Black "Krajnik, Richard"]
[Result "0-1"]
[WhiteElo "1949"]
[BlackElo "1711"]
[PlyCount "78"]
[EventDate "2015.10.17"]
[EventType "team-tourn"]
[EventRounds "11"]
[EventCountry "SVK"]
[SourceTitle "CBM 169 Extra"]
[Source "ChessBase"]
[SourceDate "2015.12.18"]
[SourceVersion "1"]
[SourceVersionDate "2015.12.18"]
[SourceQuality "1"]
[WhiteTeam "Bardejov II"]
[BlackTeam "Kosice Slavia UPJS III"]
[WhiteTeamCountry "SVK"]
[BlackTeamCountry "SVK"]

1. e4 c5 2. Nf3 Nc6 3. d4 cxd4 4. Nxd4 e6 5. Nb5 d6 6. N1c3 a6 7. Nd4 Nf6 8. Be3 Be7 9. Be2 0-0 10. Qd2 Ne5 11. h3 Bd7 12. f4 Ng6 13. Bf3 Rb8 14. 0-0-0 b5 15. Bf2 b4 16. Nce2 a5 17. Kb1 a4 18. b3 Qa5 19. g4 d5 20. e5 Ne4 21. Bxe4 dxe4 22. h4 Rfc8 23. h5 Nf8 24. g5 Rc3 25. Nc1 Ra8 26. g6 f6 27. gxh7+ Nxh7 28. exf6 Nxf6 29. h6 axb3 30. cxb3 Nd5 31. hxg7 Rxc1+ 32. Rxc1 Nc3+ 33. Rxc3 bxc3 34. Qe2 Bf6 35. f5 exf5 36. Qc4+ Kxg7 37. Rg1+ Kf8 38. Rg8+ Ke7 39. Rxa8 Qxa8 0-1

[Event "SVK-chT2D 1213"]
[Site "Slovakia"]
[Date "2012.12.16"]
[Round "6.7"]
[White "Krajnik, Richard"]
[Black "Harvan, Martin"]
[Result "0-1"]
[WhiteElo "1821"]
[BlackElo "2123"]
[PlyCount "98"]
[EventDate "2012.10.13"]
[EventType "team-tourn"]
[EventRounds "11"]
[EventCountry "SVK"]
[SourceTitle "EXT 2015"]
[Source "ChessBase"]
[SourceDate "2014.11.20"]
[SourceVersion "1"]
[SourceVersionDate "2014.11.20"]
[SourceQuality "1"]
[WhiteTeam "Kosice Slavia UPJS III"]
[BlackTeam "Humenne"]
[WhiteTeamCountry "SVK"]
[BlackTeamCountry "SVK"]

1. e4 c5 2. Nf3 Nc6 3. Bc4 g6 4. c3 Bg7 5. d3 d6 6. Bg5 Nf6 7. Qd2 0-0 8. Bh6 a6 9. a4 Na5 10. Ba2 b5 11. Bxg7 Kxg7 12. axb5 axb5 13. Na3 Qb6 14. 0-0 Bg4 15. e5 dxe5 16. Nxe5 Bf5 17. Qe3 b4 18. Nac4 Qc7 19. Nxa5 Rxa5 20. Bc4 e6 21. f3 h5 22. Qf4 Rxa1 23. Rxa1 Qb8 24. Qe3 Nd5 25. Qe1 bxc3 26. bxc3 Qb2 27. Ra2 Qxc3 28. Qxc3 Nxc3 29. Rc2 Nd5 30. g4 hxg4 31. Bxd5 exd5 32. fxg4 Kf6 33. gxf5 Kxe5 34. fxg6 fxg6 35. Rxc5 Kd4 36. Rc6 g5 37. Rd6 Rf5 38. Kg2 Kxd3 39. Kg3 Ke4 40. Kg4 Re5 41. Ra6 d4 42. Ra4 Ke3 43. Ra1 d3 44. Re1+ Kd4 45. Rd1 Kc3 46. Kf3 Kc2 47. Ra1 d2 48. Ra2+ Kc3 49. Ra3+ Kb2 0-1

[Event "SVK-chT2D 1213"]
[Site "Slovakia"]
[Date "2012.12.01"]
[Round "3.5"]
[White "Krajnik, Richard"]
[Black "Ducay, Miroslav"]
[Result "0-1"]
[WhiteElo "1821"]
[BlackElo "2006"]
[PlyCount "98"]
[EventDate "2012.10.13"]
[EventType "team-tourn"]
[EventRounds "11"]
[EventCountry "SVK"]
[SourceTitle "EXT 2015"]
[Source "ChessBase"]
[SourceDate "2014.11.20"]
[SourceVersion "1"]
[SourceVersionDate "2014.11.20"]
[SourceQuality "1"]
[WhiteTeam "Kosice Slavia UPJS III"]
[BlackTeam "Presov Tatran Dason"]
[WhiteTeamCountry "SVK"]
[BlackTeamCountry "SVK"]

1. e4 e5 2. Nf3 Nc6 3. Nc3 Nf6 4. Bc4 Bb4 5. d3 0-0 6. 0-0 h6 7. a3 Be7 8. Ne2 d5 9. exd5 Nxd5 10. Ng3 Be6 11. Re1 Bd6 12. c3 Qd7 13. Bb5 Rae8 14. Nxe5 Bxe5 15. Rxe5 Bg4 16. Bxc6 Bxd1 17. Bxd7 Rxe5 18. Bd2 Bc2 19. f4 Re7 20. Bb5 c6 21. Bc4 b5 22. Bxd5 cxd5 23. d4 Rfe8 24. Kf2 Bd3 25. Re1 Rxe1 26. Bxe1 g5 27. fxg5 hxg5 28. Bd2 f6 29. Be3 Kf7 30. h3 Kg6 31. Ne2 f5 32. Nc1 Bc2 33. g3 Re4 34. Ne2 Bd1 35. Nc1 f4 36. gxf4 gxf4 37. Bd2 Kg5 38. Be1 Kh4 39. Bd2 Kxh3 40. b3 a6 41. a4 bxa4 42. bxa4 Bxa4 43. Nd3 Bb5 44. Nxf4+ Kg4 45. Nxd5 Re2+ 46. Kg1 Rxd2 47. c4 Kg3 48. Kf1 Bxc4+ 49. Ke1 Rxd4 0-1

[Event "Stara Lubovna Sorea op"]
[Site "Stara Lubovna"]
[Date "2011.09.11"]
[Round "7"]
[White "Krajnik, Richard"]
[Black "Nemergut, Matej"]
[Result "0-1"]
[WhiteElo "1848"]
[BlackElo "1920"]
[PlyCount "70"]
[EventDate "2011.09.09"]
[EventType "swiss"]
[EventRounds "7"]
[EventCountry "SVK"]
[SourceTitle "CBM 144 Extra"]
[Source "ChessBase"]
[SourceDate "2011.10.28"]
[SourceVersion "1"]
[SourceVersionDate "2011.10.28"]
[SourceQuality "1"]

1. e4 e5 2. Nf3 Nf6 3. Nc3 Nc6 4. Bc4 Be7 5. 0-0 d6 6. d4 Bg4 7. dxe5 Nxe5 8. Be2 Nxf3+ 9. Bxf3 Bxf3 10. Qxf3 0-0 11. Bg5 h6 12. Bh4 Re8 13. Rfe1 c6 14. Rad1 Qb6 15. b3 Rad8 16. Re3 Qc7 17. Ne2 d5 18. e5 Ne4 19. Bg3 Nxg3 20. Qxg3 Bc5 21. Nd4 Bxd4 22. Rxd4 c5 23. Rh4 Re6 24. f4 d4 25. Re1 Rg6 26. Qf3 Qa5 27. Re2 Qa6 28. f5 Rg5 29. e6 Qc6 30. Rhe4 fxe6 31. fxe6 Rf8 32. Qd3 Rgf5 33. h3 Qd6 34. g3 Rf3 35. Kg2 Qxg3+ 0-1

[Event "Stara Lubovna Sorea op"]
[Site "Stara Lubovna"]
[Date "2011.09.10"]
[Round "4"]
[White "Tropp, Lukas"]
[Black "Krajnik, Richard"]
[Result "1-0"]
[WhiteElo "2107"]
[BlackElo "1848"]
[PlyCount "127"]
[EventDate "2011.09.09"]
[EventType "swiss"]
[EventRounds "7"]
[EventCountry "SVK"]
[SourceTitle "CBM 144 Extra"]
[Source "ChessBase"]
[SourceDate "2011.10.28"]
[SourceVersion "1"]
[SourceVersionDate "2011.10.28"]
[SourceQuality "1"]

1. e4 e6 2. d4 c5 3. c3 Qc7 4. Nf3 Nc6 5. Bd3 a6 6. d5 Ne5 7. Nxe5 Qxe5 8. 0-0 c4 9. f4 Bc5+ 10. Kh1 Qc7 11. Bxc4 b5 12. Bd3 Nf6 13. dxe6 dxe6 14. Nd2 Bb7 15. e5 Nd5 16. Ne4 Be7 17. Qe2 0-0 18. Bd2 Qc6 19. Rac1 f5 20. exf6 Nxf6 21. Nxf6+ Bxf6 22. Rce1 Rae8 23. Be4 Qd7 24. Bxb7 Qxb7 25. Qe4 Qc7 26. Kg1 g6 27. Be3 Kg7 28. Rd1 Rf7 29. Bd4 Ree7 30. Rde1 Bxd4+ 31. Qxd4+ Rf6 32. Qe5 Qb6+ 33. Qe3 Qa5 34. a3 Qa4 35. Qe5 Kf7 36. Rd1 Qb3 37. Rd2 Qc4 38. Qd4 Qc7 39. Qd6 Qa7+ 40. Qd4 Qc7 41. h3 Rf5 42. Qh8 Rxf4 43. Rxf4+ Qxf4 44. Rf2 Qxf2+ 45. Kxf2 h5 46. Qa8 Rd7 47. Qc6 Rd2+ 48. Kg1 Rxb2 49. Qxa6 Rb3 50. Qa7+ Kf6 51. a4 bxa4 52. Qxa4 Rb1+ 53. Kf2 Rb2+ 54. Kf3 g5 55. g3 Rh2 56. Qd4+ e5 57. Qd6+ Kf7 58. Qxe5 Kg6 59. Qe6+ Kg7 60. c4 Rh1 61. c5 Rf1+ 62. Kg2 Rf6 63. Qd7+ Rf7 64. c6 1-0

[Event "Kosice Kotan Memorial 3rd"]
[Site "Kosice"]
[Date "2011.07.02"]
[Round "9"]
[White "Jurcisin, Imrich"]
[Black "Krajnik, Richard"]
[Result "1-0"]
[WhiteElo "2069"]
[BlackElo "1859"]
[PlyCount "99"]
[EventDate "2011.06.25"]
[EventType "swiss"]
[EventRounds "9"]
[EventCountry "SVK"]
[SourceTitle "EXT 2012"]
[Source "ChessBase"]
[SourceDate "2011.11.24"]
[SourceVersion "1"]
[SourceVersionDate "2011.11.24"]
[SourceQuality "1"]

1. e4 c5 2. Nf3 Qc7 3. d4 cxd4 4. Nxd4 a6 5. c4 Nf6 6. Nc3 e6 7. Be2 Be7 8. 0-0 d6 9. Be3 Bd7 10. Rc1 0-0 11. f3 Nc6 12. Nd5 Qd8 13. Nxc6 Bxc6 14. Bb6 Qd7 15. Nxe7+ Qxe7 16. Qd2 d5 17. cxd5 Qd7 18. Bc5 Rfb8 19. d6 b6 20. Bb4 Ne8 21. Rfd1 Rd8 22. e5 f6 23. f4 Qb7 24. Bc4 Bd7 25. f5 fxe5 26. fxe6 Bxe6 27. Bxe6+ Kh8 28. Bd5 Qd7 29. Bxa8 Rxa8 30. Qd5 Rd8 31. Qxe5 a5 32. Ba3 h6 33. Qe7 Nf6 34. Qxd7 Nxd7 35. b4 axb4 36. Bxb4 Kg8 37. Re1 Nc5 38. Bxc5 bxc5 39. Red1 Kf7 40. Rxc5 Ke6 41. Rc7 g6 42. Re7+ Kf6 43. Rf1+ Kg5 44. d7 h5 45. h3 h4 46. Rff7 Rb8 47. Re8 Rb1+ 48. Kh2 Rd1 49. d8Q+ Rxd8 50. Rxd8 1-0

[Event "Kosice Kotan Memorial 3rd"]
[Site "Kosice"]
[Date "2011.06.25"]
[Round "1"]
[White "Mazur, Stefan"]
[Black "Krajnik, Richard"]
[Result "1-0"]
[WhiteElo "2372"]
[BlackElo "1859"]
[PlyCount "103"]
[EventDate "2011.06.25"]
[EventType "swiss"]
[EventRounds "9"]
[EventCountry "SVK"]
[SourceTitle "EXT 2012"]
[Source "ChessBase"]
[SourceDate "2011.11.24"]
[SourceVersion "1"]
[SourceVersionDate "2011.11.24"]
[SourceQuality "1"]

1. e4 c5 2. Nf3 Nc6 3. d4 cxd4 4. Nxd4 a6 5. Nc3 Nf6 6. Nxc6 dxc6 7. Qxd8+ Kxd8 8. Bf4 e6 9. 0-0-0+ Ke8 10. Bc7 Nd7 11. e5 Be7 12. Ne4 b5 13. Be2 Ra7 14. Bd6 c5 15. f4 Bb7 16. Bf3 Bd5 17. Rhe1 Kf8 18. Re3 Bxd6 19. Nxd6 Bxf3 20. Rxf3 Ke7 21. Rg3 g6 22. Ra3 Rha8 23. c4 Nb6 24. b3 bxc4 25. bxc4 Rd7 26. Rb3 Nc8 27. Ne4 Rc7 28. g4 h6 29. Rh3 Nb6 30. Nd6 Rh8 31. Rb3 Nd7 32. Ra3 Ra8 33. Rh3 Rh8 34. g5 h5 35. Ra3 Rc6 36. Rb3 Rb8 37. Rdd3 Rc7 38. Rxb8 Nxb8 39. Rb3 Nc6 40. Kd1 Nd4 41. Rb8 Nf5 42. Rb6 Rd7 43. Rxa6 Nxd6 44. exd6+ Rxd6+ 45. Rxd6 Kxd6 46. Kc2 h4 47. Kd3 e5 48. Ke4 exf4 49. Kxf4 h3 50. a3 Ke6 51. a4 Kd6 52. a5 1-0

[Event "SVK-chT2D 10/11"]
[Site "Slovakia"]
[Date "2011.03.27"]
[Round "11.1"]
[White "Brudnak, Peter"]
[Black "Krajnik, Richard"]
[Result "1-0"]
[WhiteElo "1967"]
[BlackElo "1862"]
[PlyCount "79"]
[EventDate "2010.10.23"]
[EventType "team-tourn"]
[EventRounds "11"]
[EventCountry "SVK"]
[SourceTitle "EXT 2019"]
[Source "ChessBase"]
[SourceDate "2018.10.10"]
[SourceVersion "1"]
[SourceVersionDate "2018.10.10"]
[SourceQuality "1"]
[WhiteTeam "Zborov Magura"]
[BlackTeam "Kosice Slavia UPJS IV"]
[WhiteTeamCountry "SVK"]
[BlackTeamCountry "SVK"]

1. e4 c5 2. Nf3 Nc6 3. d4 cxd4 4. Nxd4 a6 5. Nc3 e6 6. Be2 Qc7 7. 0-0 Nf6 8. a4 Be7 9. Be3 0-0 10. f4 d6 11. Kh1 Bd7 12. Bf3 Na5 13. g4 Kh8 14. g5 Ne8 15. f5 Nc6 16. Bg2 Ne5 17. Qe1 Qd8 18. Qh4 Ng6 19. fxg6 fxg6 20. Bh3 Nc7 21. Rxf8+ Bxf8 22. Rf1 Qe7 23. Qf2 Kg8 24. Qf3 e5 25. Nb3 Re8 26. Bxd7 Qxd7 27. Na5 b5 28. axb5 axb5 29. Nd5 Ne6 30. c4 bxc4 31. Nxc4 Nd8 32. b4 h6 33. gxh6 Qf5 34. Nc7 Qd7 35. Nxe8 Qxe8 36. Qxf8+ Qxf8 37. Rxf8+ Kxf8 38. Nxd6 Nf7 39. h7 Nh8 40. Bg5 1-0

[Event "SVK-chT2D 0910"]
[Site "Slovakia"]
[Date "2010.02.27"]
[Round "10.2"]
[White "Paluch, Ladislav"]
[Black "Krajnik, Richard"]
[Result "1/2-1/2"]
[WhiteElo "1988"]
[BlackElo "1885"]
[PlyCount "109"]
[EventDate "2009.10.10"]
[EventType "team"]
[EventRounds "11"]
[EventCountry "SVK"]
[SourceTitle "EXT 2011"]
[Source "ChessBase"]
[SourceDate "2010.11.26"]
[SourceVersion "1"]
[SourceVersionDate "2010.11.26"]
[SourceQuality "1"]
[WhiteTeam "Velke Kapusany"]
[BlackTeam "Kosice Slavia IV"]
[WhiteTeamCountry "SVK"]
[BlackTeamCountry "SVK"]

1. d4 e6 2. c4 c5 3. Nf3 Qc7 4. e3 Nf6 5. Nc3 a6 6. Be2 cxd4 7. exd4 Nc6 8. 0-0 Be7 9. Bg5 d6 10. Rc1 0-0 11. a3 b6 12. Be3 Bb7 13. d5 Ne5 14. Nxe5 dxe5 15. dxe6 fxe6 16. Qb3 Bc5 17. Na4 Bxe3 18. fxe3 Nd7 19. c5 Rxf1+ 20. Bxf1 Bd5 21. Bc4 Qc6 22. Bxd5 exd5 23. Nxb6 Nxb6 24. Qxb6 Rc8 25. Qxc6 Rxc6 26. b4 Kf7 27. Kf2 Ke7 28. Ke2 Rg6 29. g3 Kd7 30. a4 Kc6 31. Kf3 h5 32. h3 Rf6+ 33. Kg2 Rf7 34. Rf1 Rd7 35. Rf5 d4 36. exd4 exd4 37. Kf1 Rb7 38. b5+ axb5 39. axb5+ Rxb5 40. Rxh5 Rb3 41. Rg5 Re3 42. Kf2 Re7 43. Rf5 Kb5 44. Rd5 Kc4 45. Rd8 Kxc5 46. h4 Kc4 47. h5 Kc3 48. Kf3 d3 49. g4 Kc2 50. Kf4 d2 51. Kf5 d1Q 52. Rxd1 Kxd1 53. g5 Ke2 54. h6 gxh6 55. gxh6 1/2-1/2

[Event "SVK-chT2D 0910"]
[Site "Slovakia"]
[Date "2009.11.07"]
[Round "3.5"]
[White "Recky, Norbert"]
[Black "Krajnik, Richard"]
[Result "1/2-1/2"]
[WhiteElo "1957"]
[BlackElo "1885"]
[PlyCount "48"]
[EventDate "2009.10.10"]
[EventType "team"]
[EventRounds "11"]
[EventCountry "SVK"]
[SourceTitle "EXT 2011"]
[Source "ChessBase"]
[SourceDate "2010.11.26"]
[SourceVersion "1"]
[SourceVersionDate "2010.11.26"]
[SourceQuality "1"]
[WhiteTeam "Kosice Slavia III"]
[BlackTeam "Kosice Slavia IV"]
[WhiteTeamCountry "SVK"]
[BlackTeamCountry "SVK"]

1. e4 c5 2. Nf3 Qc7 3. Nc3 Nc6 4. d4 cxd4 5. Nxd4 e6 6. Be2 a6 7. 0-0 Nf6 8. Be3 Be7 9. f4 d6 10. g4 Nxd4 11. Bxd4 e5 12. Be3 exf4 13. Bxf4 h5 14. g5 Ng4 15. Nd5 Qc5+ 16. Kg2 Bd8 17. b4 Qc6 18. c4 Be6 19. Qd4 f6 20. Bxg4 hxg4 21. gxf6 gxf6 22. Rac1 0-0 23. Bg3 Bxd5 24. Qxd5+ Qxd5 1/2-1/2